| 000 | 00841nam a22002897a 4500 | ||
|---|---|---|---|
| 003 | CHAP | ||
| 005 | 20220329135002.0 | ||
| 008 | 971013s1964 r 00010 d | ||
| 010 | _a29076 | ||
| 011 | _a30048 | ||
| 035 | _a34160 | ||
| 040 | _cCHAP | ||
| 082 |
_a575.1 _bM32 |
||
| 100 | 0 | 0 |
_aMcKusick, Victor A. _973658 |
| 245 | _aHuman genetics | ||
| 260 |
_aEnglewood Cliffs : _bPrentice Hall, _c1964 |
||
| 300 |
_a148 p. _b: ilus |
||
| 590 |
_aBATCH-UPD _b10 _c20130110 _lUCH01 _h1712 |
||
| 590 |
_aBATCH-UPD _b10 _c20130410 _lUCH01 _h1057 |
||
| 590 |
_aBATCH-UPD _b10 _c20130914 _lUCH01 _h1534 |
||
| 590 |
_aCONVERSION _b10 _c20130109 _lUCH01 _h1317 |
||
| 650 | 1 | 4 |
_aGenética. _947469 |
| 650 | 1 | 4 |
_aHerencia humana. _953728 |
| 901 | _aBK | ||
| 942 | _cLIBRO | ||
| 949 |
_a575.1 M32 _bBC _cLIBRO _d33724000427506 _eLIBRO _h8498 _i34160 _si _t37.50 |
||
| 999 |
_c29076 _d29076 |
||